[Event "Division Honor Grupo II"]
[Site ""]
[Date "2011.03.19"]
[Round "7.32"]
[White "Ramos Sanchez Martin"]
[Black "Vasilev Vas"]
[Result "1-0"]
[WhiteElo "1833"]
[BlackElo "1966"]

1.e4 g6 2.d4 d6 3.Nf3 Bg7 4.Bd3 c6 5.Bg5 Qb6 6.Qc1 Bxd4 7.Nxd4 Qxd4 8.Nc3 Qb6
9.O-O Nd7 10.Kh1 Ne5 11.Be2 h5 12.h3 Be6 13.f4 Ng4 14.f5 gxf5 15.exf5 Bd5 16.
Nxd5 cxd5 17.Rf3 N8f6 18.Bxf6 Nxf6 19.Rb3 Qd4 20.Rxb7 Ng4 21.Bxg4 hxg4 22.Qg5
Qe4 23.h4 d4 24.Rb3 O-O-O 25.f6 Rdg8 26.Qb5 Rxh4+ 27.Kg1 Rgh8 28.Qb8+ Kd7 29.
Qxa7+ Ke6 30.Qxe7+ 1-0

[Event "Preferente Grupo I"]
[Site ""]
[Date "2011.03.19"]
[Round "7.34"]
[White "Garcia Vicente Nieves"]
[Black "Arpa Pardo Emilio"]
[Result "1-0"]
[WhiteElo "2220"]
[BlackElo "2083"]

1.d4 c5 2.e3 Nf6 3.Nf3 e6 4.c4 cxd4 5.exd4 Bb4+ 6.Bd2 Bxd2+ 7.Nbxd2 Nc6 8.Bd3
O-O 9.O-O d5 10.c5 Qc7 11.Re1 b6 12.Rc1 Bb7 13.a3 bxc5 14.Rxc5 Rfc8 15.b4 Qd8
16.Qb1 g6 17.Qb2 Nd7 18.Rc2 Ne7 19.Rec1 Rxc2 20.Rxc2 Rc8 21.Nb3 Rxc2 22.Qxc2
Qc8 23.Qxc8+ Bxc8 24.Na5 Kf8 25.Nd2 Ke8 26.f4 Kd8 27.Nf3 h6 28.Kf2 Kc7 29.Bb5
Kb6 30.Ba4 Kc7 31.h3 Kb6 32.g4 Kc7 33.Ke3 Kb6 34.Nb3 Nc6 35.Nc5 Ncb8 36.Ne5
Nxe5 37.fxe5 Nc6 38.Kd3 Nb8 39.Be8 Na6 40.Bxf7 1-0

[Event "Preferente Grupo I"]
[Site ""]
[Date "2011.03.19"]
[Round "7.35"]
[White "Gil Pineiro David"]
[Black "Cabrera Moreno Daniel"]
[Result "0-1"]
[WhiteElo "1948"]
[BlackElo "2193"]

1.c4 Nf6 2.g3 e6 3.Bg2 d5 4.Nf3 Be7 5.O-O O-O 6.d3 Nbd7 7.Nbd2 c6 8.b3 b5 9.
Bb2 a5 10.Qc2 Bb7 11.e4 h6 12.Rfd1 Qb8 13.Rac1 Rc8 14.Qb1 a4 15.cxb5 cxb5 16.
Rxc8+ Qxc8 17.Rc1 Qd8 18.bxa4 Rxa4 19.Nd4 Qb6 20.N2b3 b4 21.Rd1 Nc5 22.exd5
Bxd5 23.Bxd5 Nxd5 24.Nc1 Ra6 25.Qc2 Ra8 26.Ndb3 Na4 27.Bd4 Qa6 28.Qc4 Qb7 29.
Nc5 Bxc5 30.Bxc5 Nb2 31.Qb3 Nxd1 32.Qxd1 Qb5 33.d4 Qc4 0-1

[Event "Preferente Grupo I"]
[Site ""]
[Date "2011.03.19"]
[Round "7.36"]
[White "Cid Royo Oscar"]
[Black "Barcena Laguia Francisco"]
[Result "0-1"]
[WhiteElo "2083"]
[BlackElo "1915"]

1.d4 Nf6 2.Nf3 c5 3.c3 cxd4 4.cxd4 d5 5.g3 g6 6.Bg2 Bg7 7.O-O O-O 8.Nc3 Nc6 9.
Ne5 e6 10.Bf4 Nd7 11.Nxc6 bxc6 12.Rc1 Bb7 13.Na4 e5 14.dxe5 Bxe5 15.Bxe5 Nxe5
16.Nc5 Qe7 17.Qd4 Rfe8 18.Rc3 Rab8 19.Rd1 Nd7 20.Nxb7 Rxb7 21.Rxc6 Qxe2 22.
Bxd5 Ne5 23.Rxg6+ hxg6 24.Bxb7 Rb8 25.Bd5 Rxb2 26.Rc1 Rd2 27.Qc5 Ng4 28.Qc8+
Kh7 29.Qc5 Rxd5 0-1

[Event "Preferente Grupo I"]
[Site ""]
[Date "2011.03.19"]
[Round "7.42"]
[White "Alonso Blasco Jose Miguel"]
[Black "Sanmartin Agustin Alvaro"]
[Result "1/2-1/2"]
[WhiteElo "2130"]
[BlackElo "1994"]

1.e4 e6 2.d4 c5 3.d5 exd5 4.exd5 d6 5.Bb5+ Nd7 6.Qe2+ Be7 7.Bf4 a6 8.Bd3 Qa5+
9.c3 Qc7 10.Nf3 Ngf6 11.c4 b5 12.b3 O-O 13.O-O Nh5 14.Qxe7 Nxf4 15.Bxh7+ Kxh7
16.Qh4+ Kg8 17.Qxf4 Nf6 18.Nbd2 Rb8 19.Rad1 a5 20.Rfe1 a4 21.h3 bxc4 22.bxc4
Rb6 23.Ng5 Nh7 24.Nxh7 Kxh7 25.Qh4+ Kg8 26.Re7 Qd8 27.Rde1 Rb7 28.Qe4 Bf5 29.
Qe3 Qxe7 30.Qxe7 Rxe7 31.Rxe7 Rb8 32.a3 Rb2 33.Nf3 f6 34.Re3 Rc2 35.Nh4 Rc1+
36.Kh2 Bb1 37.Re8+ Kf7 38.Rb8 Be4 39.Rb7+ Kg8 40.f3 Bd3 41.g4 Bxc4 42.Nf5 g5
43.Rd7 Rc2+ 44.Kg3 Bf1 45.Ne3 Rc1 46.Rxd6 Kf7 47.Nxf1 Rxf1 48.Ra6 Rd1 49.Rxa4
Rxd5 50.Rc4 Ke6 51.a4 Kd6 52.h4 gxh4+ 53.Kxh4 Rd3 54.f4 Kd5 55.Rc1 Rd4 56.Ra1
Rxf4 57.Kg3 Re4 58.a5 Re7 59.a6 Ra7 60.Kf4 Kc4 61.Kf5 Kb3 62.Kxf6 Kb2 63.Ra5
c4 64.g5 c3 65.g6 c2 66.Rb5+ Ka1 1/2-1/2

[Event "Preferente Grupo I"]
[Site ""]
[Date "2011.03.19"]
[Round "7.43"]
[White "Sacristan Latorre Alberto"]
[Black "Mombiela de Sus Jose Luis"]
[Result "1/2-1/2"]
[WhiteElo "1959"]
[BlackElo "2018"]

1.e4 d5 2.exd5 Nf6 3.d4 Nxd5 4.c4 Nb6 5.Nf3 g6 6.Nc3 Bg7 7.Be3 O-O 8.Be2 Nc6
9.h3 e5 10.Nxe5 Nxe5 11.dxe5 Be6 12.Qxd8 Rfxd8 13.b3 Bxe5 14.Rc1 f5 15.f4 Bf6
16.O-O c6 17.Rfd1 Rxd1+ 18.Nxd1 Rd8 19.Kf2 Rd7 20.Rc2 Kf7 21.Kf3 Nc8 22.Nf2 b6
23.g4 c5 24.g5 Bg7 25.Bc1 Ne7 26.Rd2 Bd4 27.Bb2 Bxb2 28.Rxb2 Nc6 29.Nd3 Rd4
30.Nf2 Bc8 31.Kg3 Bb7 32.Bf3 Na5 33.Bxb7 Nxb7 34.Kf3 Nd8 35.Ke3 Ne6 36.Nd3
Re4+ 37.Kf3 Nd4+ 38.Kf2 Kg7 39.h4 1/2-1/2

[Event "Preferente Grupo I"]
[Site ""]
[Date "2011.03.19"]
[Round "7.44"]
[White "Artal Alegria Francisco Javier"]
[Black "Palacios Herrero Pablo"]
[Result "1/2-1/2"]
[WhiteElo "1972"]
[BlackElo "1792"]

1.e4 e6 2.d4 d5 3.e5 c5 4.c3 Qb6 5.Nf3 Nc6 6.Be2 f6 7.O-O fxe5 8.dxe5 Nge7 9.
Bd3 g6 10.h4 Bg7 11.h5 Nxe5 12.Nxe5 Bxe5 13.Qe2 Bc7 14.Bh6 Bd7 15.Bg7 Qd6 16.
f4 Rg8 17.Be5 Qb6 18.Bxc7 Qxc7 19.Nd2 O-O-O 20.b4 c4 21.Bc2 Rdf8 22.Qe3 Kb8
23.h6 Nf5 24.Bxf5 gxf5 25.a4 Rf6 26.Nf3 Rg3 27.Qd4 Rxh6 28.Ne5 Be8 29.Kf2 Rg8
30.Rh1 Rxh1 31.Rxh1 Qg7 32.Rg1 Bxa4 33.g3 Be8 34.Qc5 Qc7 35.Qd4 Qb6 36.Ke3 Kc7
37.Nf3 Qxd4+ 38.Kxd4 Kd6 39.Ne5 h5 40.Nf3 b6 41.Ng5 a5 42.Re1 Rg6 43.bxa5 bxa5
44.Rb1 a4 45.Rb6+ Kc7 46.Kc5 Bd7 47.Ra6 Kb7 48.Rb6+ Kc7 49.Ra6 Kb7 50.Rb6+ Ka7
51.Rd6 Rg7 52.Rb6 Rg8 53.Rd6 Rc8+ 54.Kd4 Rc7 55.Nxe6 Bxe6 56.Rxe6 Rb7 57.Kxd5
a3 58.Re1 Rb2 59.Ra1 a2 60.Kxc4 Kb6 61.Kd5 Re2 62.c4 Rg2 63.c5+ Kb5 64.c6 Rd2+
65.Ke6 Kxc6 66.Kxf5 Rg2 67.Kg5 Rxg3+ 68.Kxh5 Rg2 69.f5 Kd6 70.Re1 Rb2 71.Re6+
Kd7 72.Ra6 Rg2 73.f6 Ke8 74.Ra7 Kf8 75.Kh6 1/2-1/2

[Event "Preferente Grupo I"]
[Site ""]
[Date "2011.03.19"]
[Round "7.45"]
[White "Lana Rodriguez David"]
[Black "Pes Mateo Angel"]
[Result "0-1"]
[WhiteElo "2227"]
[BlackElo "2052"]

1.e4 c5 2.a3 d6 3.b4 Nf6 4.Nc3 Nbd7 5.Bb2 b6 6.d4 cxd4 7.Qxd4 e5 8.Qd2 Bb7 9.
f3 Be7 10.Bc4 O-O 11.Nb5 a6 12.Nxd6 Bxd6 13.Qxd6 Nxe4 14.fxe4 Qh4+ 15.Kf1 Qxe4
16.Qxd7 Qxg2+ 17.Ke1 Rad8 18.Qh3 Qd2+ 19.Kf1 Qf4+ 20.Ke1 Qxc4 21.Nf3 Qe4+ 22.
Kf1 Qxf3+ 23.Qxf3 Bxf3 24.Rg1 f6 25.Ke1 Rd7 26.Rg3 0-1

[Event "Preferente Grupo I"]
[Site ""]
[Date "2011.03.19"]
[Round "7.46"]
[White "Forcen Esteban Victor"]
[Black "Aparicio Navarro Pedro Jose"]
[Result "1/2-1/2"]
[WhiteElo "1945"]
[BlackElo "2179"]

1.e4 c5 2.Nf3 Nc6 3.d4 cxd4 4.Nxd4 g6 5.Be3 Bg7 6.Nc3 Nf6 7.f3 O-O 8.Qd2 d5 9.
exd5 Nxd5 10.Nxd5 Qxd5 11.Nxc6 bxc6 12.Qxd5 cxd5 13.O-O-O Be6 14.Bc5 Rab8 15.
b3 Rb7 16.Bd4 f6 17.Ba6 Rc7 18.Rhe1 Bf7 19.f4 Bh6 20.Be3 Rd8 21.Kb1 Rd6 22.Bb5
a6 23.Bf1 Rdc6 24.Bd3 a5 25.Re2 Rb7 26.g3 a4 27.Kb2 Bg7 28.Bd4 h5 29.Rde1 Kf8
1/2-1/2

[Event "Preferente Grupo I"]
[Site ""]
[Date "2011.03.19"]
[Round "7.47"]
[White "Munoz Munoz Juan Carlos"]
[Black "Galvez Rubio David"]
[Result "1/2-1/2"]
[WhiteElo "2103"]
[BlackElo "1908"]

1.d4 d5 2.Nf3 Nf6 3.c4 e6 4.Bg5 Nbd7 5.e3 c6 6.Nc3 Qa5 7.Nd2 Bb4 8.Qc2 O-O 9.
Be2 c5 10.Nb3 Qa4 11.Bxf6 Nxf6 12.dxc5 dxc4 13.Bxc4 Qc6 14.O-O a6 15.Bd3 Bxc5
16.Nxc5 Qxc5 17.Rac1 Bd7 18.Qb3 Bc6 19.e4 Qd6 20.Rfd1 Qf4 21.Ne2 Qh4 22.Ng3
Ng4 23.h3 Nxf2 24.Kxf2 Qf4+ 25.Kg1 Qxg3 26.Rf1 Qe3+ 27.Kh1 Rad8 28.Rcd1 Rd4
29.Rf3 Qg5 30.Rdf1 Qc5 31.Bb1 Qb4 32.Qe3 Qd2 33.Qb3 Qb4 34.Qe3 Bxe4 35.Rf4 f5
36.a3 Qd6 37.Qb3 Bxb1 38.Rxd4 Qxd4 39.Qxe6+ Kh8 40.Rxb1 Qe4 41.Qa2 Rd8 42.Rc1
h6 43.Qf7 Qd5 44.Qg6 Qd2 45.Rc7 Qe1+ 46.Kh2 Qe5+ 47.Qg3 f4 48.Qc3 Qxc3 49.Rxc3
Rd7 50.h4 Re7 51.Kh3 h5 52.Rf3 Re3 53.Rxe3 fxe3 54.Kg3 Kh7 1/2-1/2

[Event "Preferente Grupo I"]
[Site ""]
[Date "2011.03.19"]
[Round "7.48"]
[White "Gregorio Cabello Alberto"]
[Black "Prat Guisado Christian"]
[Result "0-1"]
[WhiteElo "2055"]
[BlackElo "1837"]

1.e4 c6 2.d4 d5 3.exd5 cxd5 4.Nf3 Nf6 5.Bd3 Bg4 6.Bf4 Qb6 7.b3 Nc6 8.c3 e6 9.
Nbd2 Rc8 10.Qb1 Ne7 11.Qb2 Bf5 12.Bxf5 Nxf5 13.O-O Qa5 14.c4 Bb4 15.Qc2 Bc3
16.Rad1 Nxd4 17.Nxd4 Bxd4 18.Ne4 Nxe4 19.Rxd4 O-O 20.Qe2 Qa6 21.Rc1 Rfe8 22.
Be3 Nf6 23.Rd2 e5 24.Rdc2 d4 25.Bg5 Nd7 26.Re1 Qg6 27.Qd2 Nc5 28.Bh4 d3 29.
Rcc1 e4 30.Qg5 Qxg5 31.Bxg5 d2 32.Bxd2 Nd3 33.Rcd1 Nxe1 34.Rxe1 Rcd8 35.Bc3
Rd3 36.Bb4 f5 37.Kf1 b6 38.Ke2 Red8 39.Rc1 f4 40.c5 f3+ 41.gxf3 exf3+ 42.Ke1
bxc5 43.Bxc5 R8d5 44.Bxa7 Ra5 45.Rc8+ Kf7 46.Rc7+ Kg6 47.Rc6+ Kh5 48.Rc5+ Rxc5
49.Bxc5 Kg5 50.b4 Ra3 51.b5 Rxa2 52.b6 Rb2 53.Bd4 Rb4 54.Bxg7 Rxb6 55.Kd2 Kg4
56.Be5 Kh3 57.Ke3 Re6 0-1

[Event "Preferente Grupo I"]
[Site ""]
[Date "2011.03.19"]
[Round "7.49"]
[White "Naya Sancho Jose Ignacio"]
[Black "Donoso Sanchez Alejandro"]
[Result "0-1"]
[WhiteElo "2124"]
[BlackElo "2187"]

1.d4 Nf6 2.c4 c5 3.d5 e6 4.Nc3 exd5 5.cxd5 d6 6.e4 g6 7.Bf4 Bg7 8.Nf3 O-O 9.
Nd2 Re8 10.Be2 a6 11.a4 Qc7 12.Qc2 Nbd7 13.Nc4 Ne5 14.Bxe5 dxe5 15.a5 Bf8 16.
O-O Bd7 17.Nb6 Rad8 18.Rac1 Bd6 19.Rfe1 Rf8 20.Qd2 Bc8 21.Qe3 Bd7 22.Bd1 c4
23.Nca4 Bb5 24.Nxc4 Bxc4 25.Nb6 Bb4 26.Rxc4 Qd6 27.Rf1 Bxa5 28.Na4 Rc8 29.Qc1
Rxc4 30.Qxc4 b5 31.Qc5 Nxe4 32.Qxd6 Nxd6 33.Nc5 Rc8 34.Nxa6 Ne4 35.b4 Bb6 36.
Bf3 Nd2 37.Rd1 Nxf3+ 38.gxf3 Bd4 39.f4 f6 40.Nc5 Kf7 41.fxe5 fxe5 42.Rc1 Rd8
43.Ne6 Rxd5 44.Nc7 Rd7 45.Nxb5 Ke6 46.Nxd4+ exd4 47.Kf1 d3 48.Rd1 Ke5 49.Ke1
Kd4 50.Kd2 Ra7 51.Rb1 Ra2+ 52.Ke1 Re2+ 53.Kf1 Kc3 54.b5 Rb2 55.Rc1+ Kd2 56.Rc5
Kd1 57.h4 d2 58.h5 Rc2 59.Rd5 Kc1 60.hxg6 hxg6 0-1

[Event "Preferente Grupo II"]
[Site ""]
[Date "2011.03.19"]
[Round "7.50"]
[White "Sanmiguel Mateo Luis"]
[Black "Campo Millan Diego"]
[Result "0-1"]
[WhiteElo "1950"]
[BlackElo "2108"]

1.e4 c5 2.Nf3 e6 3.Nc3 a6 4.d4 cxd4 5.Nxd4 Qc7 6.g3 b5 7.Bg2 Bb7 8.O-O Nf6 9.
Re1 d6 10.Bg5 Be7 11.a3 O-O 12.Qe2 Nc6 13.Nxc6 Bxc6 14.Rad1 Rac8 15.Rd2 h6 16.
Bf4 Rfe8 17.f3 Nd7 18.g4 Ne5 19.Bxe5 dxe5 20.Red1 Qb6+ 21.Kh1 b4 22.axb4 Bxb4
23.Ra1 a5 24.Bf1 Ra8 25.Rdd1 a4 26.Na2 Be7 27.c3 Reb8 28.Rd2 Bg5 29.Rc2 Rd8
30.Nb4 Be8 31.Qf2 Be3 32.Qe1 Rd6 33.Be2 Rad8 34.Rxa4 Bxa4 0-1

[Event "Preferente Grupo II"]
[Site ""]
[Date "2011.03.19"]
[Round "7.51"]
[White "Andres Terrado Miguel Angel"]
[Black "Serrano San Nicolas Angel"]
[Result "1-0"]
[WhiteElo "2062"]
[BlackElo "1940"]

1.Nf3 f5 2.d4 g6 3.Nc3 Nf6 4.Bg5 Bg7 5.e3 d6 6.Bc4 c6 7.Qe2 Ne4 8.Nxe4 fxe4 9.
Nd2 Qa5 10.Bh4 d5 11.Bb3 e5 12.O-O O-O 13.f3 exf3 14.Rxf3 Rxf3 15.Qxf3 exd4
16.Rf1 Be6 17.Ne4 Nd7 18.Be7 Ne5 19.Qf4 dxe3 20.Nf6+ Kh8 21.Qxe5 Bf5 22.Qxe3
Qc7 23.g4 Be4 24.Bb4 a5 25.Nxe4 axb4 26.Ng5 Bxb2 27.Rf7 Qe5 28.Rxh7+ Kg8 29.
Qxe5 Bxe5 30.Rxb7 Bf4 31.Nf3 Be3+ 32.Kg2 Bc5 33.Rc7 Ra6 34.Ne5 1-0

[Event "Preferente Grupo II"]
[Site ""]
[Date "2011.03.19"]
[Round "7.52"]
[White "Juni Pardos Marcos"]
[Black "Dominguez Luzon Fernando"]
[Result "1-0"]
[WhiteElo "1881"]
[BlackElo "2006"]

1.e4 c5 2.Nf3 d6 3.d4 cxd4 4.Qxd4 Nc6 5.Bb5 Bd7 6.Bxc6 Bxc6 7.Nc3 Nf6 8.Bg5 e6
9.O-O-O Be7 10.Qd3 Qa5 11.Kb1 O-O 12.h4 Rac8 13.Nd4 a6 14.f3 b5 15.Nb3 Qc7 16.
Bxf6 gxf6 17.Ne2 a5 18.Ned4 b4 19.Nxc6 Qxc6 20.Nxa5 Qa4 21.Nb3 Ra8 22.Nc1 Rfc8
23.Qb3 Qa5 24.Rd4 d5 25.exd5 e5 26.Rg4+ Kf8 27.Rd1 Bc5 28.Nd3 Bd4 29.Qxb4+ 1-0

[Event "Preferente Grupo II"]
[Site ""]
[Date "2011.03.19"]
[Round "7.53"]
[White "Gimeno Oteo Marco Antonio"]
[Black "Ansola Marquinez Alberto"]
[Result "1/2-1/2"]
[WhiteElo "2152"]
[BlackElo "2090"]

1.e4 e6 2.d4 d5 3.Nc3 Nc6 4.Nf3 Nf6 5.e5 Ne4 6.Bd3 Bb4 7.Bd2 Nxd2 8.Qxd2 f6 9.
exf6 Qxf6 10.O-O O-O 11.Rae1 Bd6 12.Bb5 a6 13.Bxc6 bxc6 14.Na4 a5 15.Re5 Bxe5
16.Nxe5 Qf4 17.Rd1 Qxd2 18.Rxd2 Rf6 19.Nc5 Rb8 20.c3 Rb6 21.f3 Kf8 22.Kf2 Ke7
23.b4 axb4 24.cxb4 Kd6 25.a3 Rf5 26.Ke3 Rxe5+ 27.dxe5+ Kxe5 28.f4+ Kf5 29.g4+
Kf6 30.Kd4 Ke7 31.Re2 Kd6 32.f5 exf5 33.Re8 Rb8 34.gxf5 Ra8 35.h4 Rxa3 36.Rxc8
Rh3 37.Rg8 Rxh4+ 38.Kc3 Ke5 39.Rxg7 Rh3+ 40.Nd3+ Kxf5 41.Rxc7 Ke4 42.Re7+ Kf3
43.Rf7+ Ke4 44.Rf4+ Ke3 45.Rf6 Ke2 46.Re6+ Re3 47.Kd4 Rxe6 48.Nf4+ Kd2 49.Nxe6
h5 50.Nd8 h4 51.Nxc6 h3 52.Ne5 Ke2 53.Ng4 Kf3 54.Nh2+ Kg2 55.b5 Kxh2 56.b6 Kg2
57.b7 h2 58.b8=Q h1=Q 1/2-1/2

[Event "Preferente Grupo II"]
[Site ""]
[Date "2011.03.19"]
[Round "7.54"]
[White "Argueso Pascual Jorge"]
[Black "Cebrian Valverde Jose Antonio"]
[Result "0-1"]
[WhiteElo "2000"]
[BlackElo "2138"]

1.d4 f5 2.g3 Nf6 3.Bg2 g6 4.Nf3 Bg7 5.O-O O-O 6.c4 d6 7.Nc3 Nc6 8.a3 Ne4 9.Qc2
Nxc3 10.bxc3 e5 11.e3 g5 12.d5 Na5 13.e4 f4 14.Qa4 b6 15.Ne1 Ba6 16.Nc2 Bxc4
17.Nb4 Bxf1 18.Bxf1 Qf6 19.Ra2 h5 20.Qd1 g4 21.a4 Qg6 22.Bd3 Bh6 23.Na6 Rac8
24.Nb4 Rf6 25.Rb2 Rcf8 26.Na6 R6f7 27.gxf4 Bxf4 28.Bxf4 exf4 29.e5 Qg5 30.e6
Rg7 31.Kh1 Qxd5+ 32.f3 Qxe6 33.Be4 Qf6 34.Rb5 c5 35.Qd5+ Rff7 36.Qa8+ Rf8 37.
Qd5+ Rgf7 38.Qxh5 Qxc3 39.Bd5 Qe1+ 40.Kg2 gxf3+ 41.Kh3 Qf1+ 42.Kh4 Qf2+ 43.Kh3
Qg2+ 44.Kh4 Qxh2+ 45.Kg5 Qg3+ 46.Qg4 Kh8 0-1

[Event "Preferente Grupo II"]
[Site ""]
[Date "2011.03.19"]
[Round "7.55"]
[White "Gutierrez Minguenza Ruben"]
[Black "Ruiz Gutierrez Manuel"]
[Result "1/2-1/2"]
[WhiteElo "2112"]
[BlackElo "1870"]

1.Nf3 Nf6 2.g3 g6 3.Bg2 Bg7 4.d4 O-O 5.c4 c5 6.O-O cxd4 7.Nxd4 Nc6 8.Nc3 a6 9.
b3 Nxd4 10.Qxd4 d6 11.Bb2 Rb8 12.Nd5 Bd7 13.a4 Bc6 14.b4 Ne8 15.Qd2 Bxb2 16.
Qxb2 Bxd5 17.Bxd5 Nf6 18.Bg2 Qc7 19.Rfc1 b6 20.Qc3 Nd7 21.a5 Rfc8 22.axb6 Rxb6
23.Be4 Rcb8 24.Rab1 Rc8 25.Bd3 Rc6 26.Qa3 Ne5 27.c5 Nxd3 28.Qxd3 dxc5 29.Rxc5
Rxc5 30.bxc5 Qxc5 31.Qxa6 1/2-1/2

[Event "Preferente Grupo II"]
[Site ""]
[Date "2011.03.19"]
[Round "7.56"]
[White "Martinez Martinez P.J."]
[Black "Palomar Ramon Santiago"]
[Result "1/2-1/2"]
[WhiteElo "1784"]
[BlackElo "2041"]

1.d4 d5 2.Nf3 Nf6 3.e3 Nbd7 4.Bd3 e6 5.Nbd2 Bd6 6.e4 dxe4 7.Nxe4 Nxe4 8.Bxe4
Nf6 9.Bg5 h6 10.Bxf6 Qxf6 11.c3 O-O 12.Qe2 Rb8 13.O-O g6 14.Bc2 b6 15.Ne5 Bxe5
16.dxe5 Qe7 17.Rad1 Bb7 18.Be4 Bxe4 19.Qxe4 Rfd8 20.Qa4 Rxd1 21.Rxd1 Rd8 22.
Rd4 c5 23.Rxd8+ Qxd8 24.g3 a5 25.Qc6 g5 26.Kg2 g4 27.a3 Kg7 28.b4 cxb4 29.cxb4
axb4 30.axb4 Qd4 31.b5 1/2-1/2

[Event "Preferente Grupo II"]
[Site ""]
[Date "2011.03.19"]
[Round "7.57"]
[White "Salamero Pelay Fernando"]
[Black "Fandino Roquelina"]
[Result "1-0"]
[WhiteElo "2130"]
[BlackElo "2148"]

1.e4 e5 2.Nf3 d6 3.d4 exd4 4.Nxd4 Nf6 5.Nc3 Be7 6.Bf4 O-O 7.Qd2 Nc6 8.O-O-O a6
9.f3 Ne5 10.Qf2 Ng6 11.Be3 Bd7 12.h4 b5 13.g4 b4 14.Nd5 Nxd5 15.exd5 Ne5 16.g5
a5 17.Be2 Qc8 18.f4 Ng4 19.Bxg4 Bxg4 20.f5 Bxd1 21.Rxd1 Bd8 22.h5 Qd7 23.Rf1
a4 24.h6 gxh6 25.f6 h5 26.Nf5 b3 27.a3 Qb5 28.Bd4 Kh8 29.Rh1 Qc4 30.Rxh5 Re8
31.Ne7 c5 32.Rxh7+ 1-0

[Event "Preferente Grupo II"]
[Site ""]
[Date "2011.03.19"]
[Round "7.58"]
[White "Rodriguez Leiva Manuel"]
[Black "Gella Bitrian Diego"]
[Result "0-1"]
[WhiteElo "2109"]
[BlackElo "1973"]

1.e4 c5 2.Nf3 d6 3.Bc4 e6 4.O-O Nf6 5.Nc3 a6 6.a4 Nbd7 7.a5 b5 8.axb6 Be7 9.d3
Nxb6 10.Bb3 O-O 11.Bg5 Bb7 12.Qe2 d5 13.e5 Nfd7 14.Bxe7 Qxe7 15.Rae1 Rac8 16.
Ba2 Nb8 17.d4 cxd4 18.Nxd4 Qb4 19.Nb3 a5 20.Qh5 a4 21.Re3 axb3 22.Rh3 h6 23.
cxb3 d4 24.Qg4 Qa5 25.Na4 Nxa4 26.bxa4 Qxe5 27.Bb1 f5 28.Qh5 Ba6 29.f4 Qe2 30.
Qxe2 Bxe2 31.Re1 Bc4 32.b4 Rfd8 33.Kf2 Rd6 34.b5 d3 35.Rd1 Rcd8 36.Rd2 Rd4 37.
Rf3 R8d6 38.g3 Nd7 39.Re3 Nc5 0-1

[Event "Preferente Grupo II"]
[Site ""]
[Date "2011.03.19"]
[Round "7.59"]
[White "Bellosta Lopez Pablo"]
[Black "Salas Latorre Jose"]
[Result "1/2-1/2"]
[WhiteElo "1948"]
[BlackElo "1745"]

1.e4 d5 2.exd5 Nf6 3.c4 c6 4.d4 cxd5 5.Nc3 g6 6.Nf3 Bg7 7.Bg5 O-O 8.Bxf6 Bxf6
9.Nxd5 Bg7 10.Nc3 Nc6 11.d5 Ne5 12.Be2 Qa5 13.O-O Nxf3+ 14.Bxf3 Bxc3 15.bxc3
Qxc3 16.Qe2 Qf6 17.Rfe1 Re8 18.Rab1 Qd6 19.Qe3 b6 20.c5 bxc5 21.Rec1 Bf5 22.
Rb5 Rab8 23.Rbxc5 Qb6 24.h3 e6 25.Qa3 exd5 26.Bxd5 Rec8 27.Rxc8+ Rxc8 28.Rxc8+
Bxc8 29.Qe7 Qb1+ 30.Kh2 Qf5 31.Qe4 Qxe4 32.Bxe4 Be6 33.a3 Kg7 34.Kg3 g5 35.Kf3
h6 36.Ke3 Kf6 37.Kd4 Ke7 38.Kc5 Kd7 39.Bc6+ Kc7 40.Bd5 Bxd5 41.Kxd5 Kb6 42.Kc4
Ka5 43.Kb3 Kb5 44.g4 f6 45.a4+ Kc5 46.Kc3 a5 47.f3 Kd5 48.Kd3 Kc5 49.Kc3
1/2-1/2

[Event "Preferente Grupo II"]
[Site ""]
[Date "2011.03.19"]
[Round "7.60"]
[White "Olivan Alvira Alejandro"]
[Black "Gomez Zazurca Rodolfo"]
[Result "0-1"]
[WhiteElo "1573"]
[BlackElo "1814"]

1.d4 d5 2.Nf3 Nf6 3.Bf4 e6 4.e3 Bd6 5.Bg3 Ne4 6.Bh4 Be7 7.Bxe7 Qxe7 8.c3 c5 9.
Bd3 Nc6 10.Nbd2 cxd4 11.exd4 Nd6 12.O-O Bd7 13.Re1 O-O 14.Qc2 h6 15.Re3 b5 16.
b4 a5 17.a3 axb4 18.cxb4 Nxb4 19.Qb3 Nxd3 20.Rxd3 Nc4 21.Ne5 Rfc8 22.Nxd7 Qxd7
23.Nf3 Ra4 24.Ne5 Nxe5 25.dxe5 Qc7 26.Rdd1 Qxe5 27.Qxb5 Rca8 28.f4 Qxf4 29.Rf1
Qd4+ 30.Kh1 Qc4 31.Qb7 R4a7 32.Qb1 Rxa3 33.Rxa3 Rxa3 34.Rc1 Rc3 35.Qb8+ Kh7
36.Qb1+ Qd3 37.Qxd3+ Rxd3 38.Kg1 Rd2 39.h3 h5 40.Rc7 Kg6 41.h4 e5 42.Rc6+ Kf5
43.Rc7 Ke6 44.Rc6+ Kd7 45.Ra6 e4 46.Ra7+ Ke6 47.Ra6+ Ke5 48.Ra7 Kf6 49.Ra6+
Kf5 50.Ra7 Kg6 51.Ra3 d4 52.Rg3+ Kf6 53.Rg5 g6 54.g4 hxg4 55.Rxg4 Kf5 56.Rg5+
Kf4 57.Ra5 e3 58.Kf1 Kf3 59.Ke1 Rh2 0-1

[Event "Preferente Grupo II"]
[Site ""]
[Date "2011.03.19"]
[Round "7.61"]
[White "Munoz Suarez Luis Alberto"]
[Black "Accattato Martin Mario"]
[Result "0-1"]
[WhiteElo "1967"]
[BlackElo "2144"]

1.e4 d6 2.d4 Nf6 3.Nc3 e5 4.Nf3 Nbd7 5.Bc4 Be7 6.O-O O-O 7.Bb3 c6 8.Bg5 Qc7 9.
Qd2 b5 10.a3 exd4 11.Nxd4 Nc5 12.Rfe1 Nxb3 13.cxb3 a6 14.Rac1 c5 15.Nd5 Nxd5
16.exd5 Bxg5 17.Qxg5 Bd7 18.Nf5 Bxf5 19.Qxf5 Rae8 20.Re4 g6 21.Qf3 Rxe4 22.
Qxe4 Qd7 23.Re1 Rd8 24.h4 Kf8 25.Qf4 Re8 26.Rxe8+ Kxe8 27.Qf6 a5 28.Qh8+ Ke7
29.Qa8 a4 30.bxa4 bxa4 31.Qa6 Qg4 32.Qb7+ Kf6 33.g3 h5 34.Kf1 Ke5 35.Qa8 Qd1+
0-1

[Event "Preferente Grupo II"]
[Site ""]
[Date "2011.03.19"]
[Round "7.62"]
[White "Horton Justin"]
[Black "Martin Diaz Eduardo"]
[Result "1-0"]
[WhiteElo "2112"]
[BlackElo "1936"]

1.d4 Nf6 2.Nf3 g6 3.c4 c5 4.d5 b5 5.cxb5 a6 6.b6 Qxb6 7.Nc3 d6 8.Nd2 Bg7 9.e4
O-O 10.Nc4 Qc7 11.Be2 a5 12.O-O Na6 13.Bf4 Nd7 14.Qd2 Nb6 15.Bh6 Nxc4 16.Bxc4
Rb8 17.Bxg7 Kxg7 18.f4 Qb6 19.b3 Qd8 20.e5 Nc7 21.Ne4 Ne8 22.Qc3 Kg8 23.Rae1
Ng7 24.exd6 exd6 25.Nf6+ Kh8 26.g4 Ra8 27.Re3 Bxg4 28.Nxg4 Qh4 29.Rg3 f5 30.
Ne3 Kg8 31.Ng2 Qd8 32.Re1 Re8 33.Rxe8+ Qxe8 34.Re3 Qd8 35.Qe1 g5 36.fxg5 Qxg5
37.Rg3 Qh6 38.Qe6+ 1-0

[Event "Preferente Grupo II"]
[Site ""]
[Date "2011.03.19"]
[Round "7.63"]
[White "Navarro Castan Jesus"]
[Black "Perez Puyal Jose J"]
[Result "0-1"]
[WhiteElo "1925"]
[BlackElo "1961"]

1.e4 d5 2.exd5 Qxd5 3.Nc3 Qa5 4.d4 Nf6 5.Bc4 c6 6.Nf3 Bf5 7.O-O e6 8.Qe2 Bb4
9.Bd2 O-O 10.a3 Bxc3 11.Bxc3 Qc7 12.Bb3 Nbd7 13.Ne5 Rfe8 14.f3 Rac8 15.Be1 c5
16.Nxd7 Nxd7 17.Bf2 cxd4 18.Bxd4 Nc5 19.Ba2 Red8 20.c3 Bd3 21.Qe3 Bxf1 22.Rxf1
Nd7 23.Qg5 e5 24.Bf2 Nf6 25.h4 Re8 26.h5 h6 27.Qf5 Qd7 28.Qc2 Rcd8 29.Bh4 Qd3
30.Qb3 Qd7 31.Qc2 Qd3 32.Qb3 Rd7 33.Bb1 Qe3+ 34.Bf2 Qg5 35.g4 e4 36.Bd4 exf3
37.Bf5 Rde7 38.Bxf6 Qxf6 39.Rxf3 Re1+ 40.Rf1 Qe5 41.Qc2 Qe3+ 42.Qf2 Rxf1+ 43.
Kxf1 Qxf2+ 44.Kxf2 Kf8 45.Kf3 Re1 46.Be4 b6 47.a4 Ke7 48.Bd3 Kf6 49.Kf4 Rd1
50.Ke3 Kg5 51.b4 Rg1 52.Be2 Rg3+ 53.Kd4 Kf4 54.a5 Rg2 55.Bc4 f6 56.Be6 Rd2+
57.Kc4 Ke5 58.Bf5 Kd6 59.axb6 axb6 60.Kb5 Kc7 61.c4 Rd4 62.Be6 Re4 63.Bf5 Re5+
64.Ka4 Kc6 65.Bg6 Re1 66.Bf5 Ra1+ 67.Kb3 b5 68.Be4+ Kb6 69.c5+ Kc7 70.Bd3 Rg1
71.Bf5 Rg3+ 72.Kb2 Re3 73.Kc2 Kc6 74.Kd2 Rb3 0-1

[Event "Preferente Grupo II"]
[Site ""]
[Date "2011.03.19"]
[Round "7.64"]
[White "Mancho Fondevila Jorge"]
[Black "Lopez Capape Armando"]
[Result "1-0"]
[WhiteElo "1810"]
[BlackElo "1909"]

1.d4 d6 2.Nf3 Nf6 3.e3 g6 4.Bd3 Bg7 5.O-O Nbd7 6.Nbd2 O-O 7.c3 c6 8.Re1 Qc7 9.
Qc2 e5 10.e4 a5 11.a4 Re8 12.b3 b6 13.Bb2 Nf8 14.Nc4 N6d7 15.Ba3 c5 16.d5 Nf6
17.Bc1 Ng4 18.Na3 Bh6 19.h3 Bxc1 20.Qxc1 Nf6 21.Qg5 Kg7 22.Nb5 Qe7 23.Rad1 h6
24.Qe3 Nh5 25.Nxe5 dxe5 26.d6 Qg5 27.Qxg5 hxg5 28.Nc7 Be6 29.Bb5 Red8 30.Nxa8
Rxa8 31.d7 Rd8 32.Rd6 Nxd7 33.Bxd7 Bxb3 34.Rxb6 c4 35.Rb7 Nf4 36.Re3 Nd3 37.
Be6 Kf6 38.Bd5 Rf8 39.Rxd3 cxd3 40.Bxb3 g4 41.h4 Kg7 42.Kf1 Rc8 43.Ke1 Rc5 44.
Kd2 Rc6 45.Kxd3 Rf6 46.Ke3 g3 47.fxg3 Rf1 48.Rxf7+ 1-0

[Event "Preferente Grupo II"]
[Site ""]
[Date "2011.03.19"]
[Round "7.65"]
[White "De la Riva Fernandez Eduardo"]
[Black "Martinez Asensio Juan M"]
[Result "1/2-1/2"]
[WhiteElo "1995"]
[BlackElo "2144"]

1.e4 c5 2.Nf3 g6 3.c4 Nc6 4.d4 cxd4 5.Nxd4 Nf6 6.Nc3 d6 7.Be2 Nxd4 8.Qxd4 Bg7
9.Be3 O-O 10.Qd2 Qa5 11.f3 Be6 12.O-O Rfc8 13.Nd5 Qxd2 14.Bxd2 Nxd5 15.exd5
Bd4+ 16.Kh1 Bf5 17.g4 Bd7 18.Rac1 e6 19.Bb4 exd5 20.Rcd1 Be5 21.f4 Bxb2 22.Rd2
Bf6 23.cxd5 Bc3 24.Bxc3 Rxc3 25.Rb1 b6 26.Kg2 Re8 27.Rf1 f6 28.Rf3 Rxf3 29.
Kxf3 Kf7 30.Ba6 g5 31.Rc2 Ba4 32.Rc3 Re1 33.Rc7+ Re7 34.Rc3 Bd1+ 35.Kg3 Be2
36.Bc8 gxf4+ 37.Kxf4 Bb5 38.Be6+ Kg7 39.h4 Be8 40.h5 Bf7 41.Kf5 Be8 42.h6+ Kf8
43.Kxf6 Bg6 44.Rc6 b5 45.Rxd6 b4 46.Rd8+ Re8 47.Rxe8+ Kxe8 48.d6 a5 49.Ke5 a4
50.Kd4 Bc2 51.Bf5 Bxf5 52.gxf5 Kd7 53.Kc4 b3 54.axb3 axb3 55.Kxb3 Kxd6 1/2-1/2

[Event "Preferente Grupo II"]
[Site ""]
[Date "2011.03.19"]
[Round "7.66"]
[White "Carruez Berges Santiago"]
[Black "Hernandez Delgado Gabriel"]
[Result "1-0"]
[WhiteElo "2110"]
[BlackElo "1976"]

1.e4 g6 2.d4 Bg7 3.Nf3 d6 4.Be2 Nd7 5.O-O e5 6.Nc3 c6 7.dxe5 dxe5 8.Bg5 Qc7 9.
Qd2 h6 10.Be3 Ngf6 11.h3 Nb6 12.Rad1 Be6 13.b3 Bf8 14.Qc1 Nbd7 15.Nh2 g5 16.
Ng4 Nxg4 17.Bxg4 Bxg4 18.hxg4 Bc5 19.Ne2 Qb6 20.Bxc5 Qxc5 21.Rd3 Nf6 22.Ng3
O-O 23.Qd1 Qb6 24.Qf3 c5 25.Nf5 Rad8 26.Nxh6+ Kg7 27.Nf5+ Kg6 28.Rxd8 Rxd8 29.
Qh3 Ng8 30.Qh8 Qf6 31.Qh5# 1-0